Emergency vechicles / (Record no. 5197)

MARC details
000 -LEADER
fixed length control field 00844nam a22002897a 4500
001 - CONTROL NUMBER
control field 5197
003 - CONTROL NUMBER IDENTIFIER
control field FISKH
005 - DATE AND TIME OF LATEST TRANSACTION
control field 20250519150030.0
008 - FIXED-LENGTH DATA ELEMENTS--GENERAL INFORMATION
fixed length control field 241119b cb ||||| |||| 00| 0 eng d
020 ## - INTERNATIONAL STANDARD BOOK NUMBER
International Standard Book Number 9780811854078
040 ## - CATALOGING SOURCE
Original cataloging agency FISKH
Language of cataloging eng
Transcribing agency FISKH
Modifying agency FISKH
050 ## - LIBRARY OF CONGRESS CALL NUMBER
Classification number TL235.S56
082 ## - DEWEY DECIMAL CLASSIFICATION NUMBER
Classification number 629.225
100 ## - MAIN ENTRY--PERSONAL NAME
Personal name Simon, Seymour
Dates associated with a name (1931-)
245 ## - TITLE STATEMENT
Title Emergency vechicles /
Statement of responsibility, etc. Seymour Simon
250 ## - EDITION STATEMENT
Edition statement 2006
260 ## - PUBLICATION, DISTRIBUTION, ETC.
Place of publication, distribution, etc. Vancouver :
Name of publisher, distributor, etc. Chronicle,
Date of publication, distribution, etc. 2006.
300 ## - PHYSICAL DESCRIPTION
Extent 31 pages :
Other physical details Color illustrations ;
Dimensions 23 cm
505 ## - FORMATTED CONTENTS NOTE
Formatted contents note D<br/>
520 ## - SUMMARY, ETC.
Summary, etc. Discusses the vehicles and devices used by fire fighters, police, Coast Guard, and others who help save lives.
521 8# - TARGET AUDIENCE NOTE
Target audience note 240<br/><br/>
Source lexile<br/>
521 8# - TARGET AUDIENCE NOTE
Target audience note D<br/>
Source Raz-Plus<br/>
650 ## - SUBJECT ADDED ENTRY--TOPICAL TERM
Source of heading or term Non-fiction
Topical term or geographic name entry element Vehicles
650 ## - SUBJECT ADDED ENTRY--TOPICAL TERM
Source of heading or term Emergency vehicles
942 ## - ADDED ENTRY ELEMENTS (KOHA)
Source of classification or shelving scheme Dewey Decimal Classification
Koha item type Books
Suppress in OPAC No
Holdings
Withdrawn status Lost status Source of classification or shelving scheme Damaged status Not for loan Collection Home library Current library Shelving location Date acquired Total Checkouts Full call number Barcode Date last seen Copy number Price effective from Koha item type Date last checked out
    Dewey Decimal Classification     Non-Fiction Footprints International School Library Network Toul Kork Campus Footprints International School Library Network Toul Kork Campus TK Primary Library Room(4th Floor), Bookcase 7, Shelves 57-60, Dark Green Books 11/19/2024   SIM 629.225 TL235.S56 FISTK01241 11/19/2024 1 11/19/2024 Books  
    Dewey Decimal Classification     Non-Fiction Footprints International School Library Network Toul Tom Poung Campus Footprints International School Library Network Toul Tom Poung Campus TTP Primary Green Bookshelves 05/19/2025 1 SIM 629.225 TL235.S56 2025-1328 11/12/2025 2 05/19/2025 Books 10/22/2025